[Event "TUR-ch Seniors 65"]
[Site "Ankara"]
[Date "2023.05.25"]
[Round "7"]
[White "Yildiz, Mustafa"]
[Black "Bagci, Hikmet"]
[Result "0-1"]
[WhiteElo "1690"]
[BlackElo "1565"]
[PlyCount "76"]
[EventDate "2023.05.19"]
[EventType "swiss"]
[EventRounds "9"]
[EventCountry "TUR"]
[SourceTitle "CBM 214 Extra"]
[Source "ChessBase"]
[SourceDate "2023.07.31"]
[SourceVersion "1"]
[SourceVersionDate "2023.07.31"]
[SourceQuality "1"]

1. d4 d5 2. b3 Bf5 3. Bb2 Nf6 4. Nd2 e6 5. Ngf3 Nbd7 6. e3 h6 7. Be2 Be7 8. 0-0 0-0 9. Ne5 c5 10. Nxd7 Nxd7 11. c4 Qa5 12. cxd5 exd5 13. Nf3 Rac8 14. a3 c4 15. b4 Qc7 16. Bc3 Bd6 17. h3 Nf6 18. Nd2 Qd7 19. g4 Bh7 20. Bf3 Bb8 21. Kg2 Rfe8 22. Rh1 Rc6 23. a4 Ne4 24. Nxe4 Bxe4 25. Bxe4 Rxe4 26. b5 Rg6 27. Kf1 f5 28. Rg1 fxg4 29. hxg4 Rexg4 30. Rxg4 Rxg4 31. Ke2 Rg2 32. Qf1 Qg4+ 33. Kd2 Qf3 34. Ke1 Rxf2 35. Qxf2 Bg3 36. Qxg3 Qxg3+ 37. Ke2 Qg2+ 38. Ke1 Qc2 0-1

[Event "TUR-ch Seniors 65"]
[Site "Ankara"]
[Date "2023.05.19"]
[Round "1"]
[White "Celik, Fadil"]
[Black "Yildiz, Mustafa"]
[Result "0-1"]
[WhiteElo "1205"]
[BlackElo "1690"]
[PlyCount "96"]
[EventDate "2023.05.19"]
[EventType "swiss"]
[EventRounds "9"]
[EventCountry "TUR"]
[SourceTitle "CBM 214 Extra"]
[Source "ChessBase"]
[SourceDate "2023.07.31"]
[SourceVersion "1"]
[SourceVersionDate "2023.07.31"]
[SourceQuality "1"]

1. e4 d6 2. d4 Nf6 3. Bd3 g6 4. f4 Bg7 5. Nf3 0-0 6. 0-0 Nc6 7. Be3 Ng4 8. Qd2 Nxe3 9. Qxe3 e5 10. c3 Bg4 11. Nbd2 Bh6 12. g3 Qe7 13. Rae1 Qd7 14. Ng5 exf4 15. gxf4 Rae8 16. Qg3 a6 17. Be2 Bxe2 18. Rxe2 Bg7 19. Qh3 Qxh3 20. Nxh3 Ne7 21. Ref2 f5 22. e5 dxe5 23. fxe5 c5 24. Ng5 Nd5 25. Nc4 cxd4 26. cxd4 b5 27. Nd6 Re7 28. Rc1 Nb4 29. Rc8 Rxc8 30. Nxc8 Rc7 31. Nd6 Rc1+ 32. Kg2 Rd1 33. Nf3 h6 34. Rd2 Rxd2+ 35. Nxd2 Nxa2 36. Ne8 Bf8 37. d5 Kf7 38. Nc7 Nb4 39. Nf3 Ke7 40. Nd4 Kd7 41. Nce6 Be7 42. Nf4 Bg5 43. Nde2 Bxf4 44. Nxf4 g5 45. Ne6 Nxd5 46. Nc5+ Ke7 47. Nxa6 Ke6 48. Nc5+ Kxe5 0-1

[Event "Skopje Karposh op"]
[Site "Skopje"]
[Date "2013.03.15"]
[Round "8"]
[White "Ilic, Ljubomir"]
[Black "Yildiz, Mustafa"]
[Result "1-0"]
[WhiteElo "2198"]
[BlackElo "1858"]
[PlyCount "55"]
[EventDate "2013.03.09"]
[EventType "swiss"]
[EventRounds "9"]
[EventCountry "MKD"]
[SourceTitle "CBM 153 Extra"]
[Source "ChessBase"]
[SourceDate "2013.04.22"]
[SourceVersion "1"]
[SourceVersionDate "2013.04.22"]
[SourceQuality "1"]

1. e4 c5 2. Nf3 d6 3. d4 cxd4 4. Nxd4 Nf6 5. Nc3 a6 6. f4 Qc7 7. Bd3 e6 8. Qf3 Nbd7 9. Be3 b5 10. a3 Bb7 11. 0-0 Be7 12. Rae1 0-0 13. g4 Nb6 14. g5 Nfd7 15. Qh3 Nc5 16. f5 Nxd3 17. cxd3 e5 18. Nde2 d5 19. f6 Bc5 20. fxg7 Bxe3+ 21. Qxe3 Rfe8 22. Qh3 d4 23. Nd1 Bc8 24. Qh5 Be6 25. Ng3 Qd7 26. Qh6 Qd8 27. Nh5 Nd7 28. Rf6 1-0

[Event "Skopje Karposh op"]
[Site "Skopje"]
[Date "2013.03.13"]
[Round "6"]
[White "Orehek, Spela"]
[Black "Yildiz, Mustafa"]
[Result "1/2-1/2"]
[WhiteElo "2062"]
[BlackElo "1858"]
[PlyCount "71"]
[EventDate "2013.03.09"]
[EventType "swiss"]
[EventRounds "9"]
[EventCountry "MKD"]
[SourceTitle "CBM 153 Extra"]
[Source "ChessBase"]
[SourceDate "2013.04.22"]
[SourceVersion "1"]
[SourceVersionDate "2013.04.22"]
[SourceQuality "1"]

1. e4 c5 2. Nf3 d6 3. Bb5+ Bd7 4. Bxd7+ Qxd7 5. c4 Nc6 6. Nc3 e6 7. 0-0 Nf6 8. d4 cxd4 9. Nxd4 Be7 10. b3 0-0 11. Nde2 Rfd8 12. Nf4 a6 13. Be3 Qc7 14. f3 Qa5 15. Rc1 Rac8 16. Na4 Nd7 17. Qe2 Nc5 18. Nc3 Bf6 19. Qd2 Qc7 20. Nh5 Be7 21. Rfd1 g6 22. Ng3 Ne5 23. Qe2 h5 24. h3 Bf6 25. f4 Nc6 26. Qf3 Qa5 27. Nge2 Bg7 28. Qg3 Ne7 29. Bf2 Qc7 30. Rd2 Qc6 31. Nd4 Qe8 32. Qf3 e5 33. Nde2 exf4 34. Rcd1 Qc6 35. Nd4 Qe8 36. Re2 1/2-1/2

[Event "Skopje Karposh op"]
[Site "Skopje"]
[Date "2013.03.11"]
[Round "4"]
[White "Ilic, Slobodan"]
[Black "Yildiz, Mustafa"]
[Result "1-0"]
[WhiteElo "2109"]
[BlackElo "1858"]
[PlyCount "63"]
[EventDate "2013.03.09"]
[EventType "swiss"]
[EventRounds "9"]
[EventCountry "MKD"]
[SourceTitle "CBM 153 Extra"]
[Source "ChessBase"]
[SourceDate "2013.04.22"]
[SourceVersion "1"]
[SourceVersionDate "2013.04.22"]
[SourceQuality "1"]

1. c4 c5 2. Nc3 Nf6 3. Nf3 Nc6 4. g3 e6 5. Bg2 d5 6. cxd5 exd5 7. d4 Be7 8. 0-0 0-0 9. dxc5 Bxc5 10. Bg5 Be6 11. Qa4 h6 12. Bf4 Qe7 13. Ne5 Nxe5 14. Bxe5 Nd7 15. Bf4 Nb6 16. Qd1 Rfd8 17. a3 Rac8 18. b4 Bxf2+ 19. Rxf2 Rxc3 20. Be5 Rcc8 21. Bd4 Nc4 22. Qd3 b6 23. Raf1 Qd7 24. Bxg7 Kxg7 25. Qd4+ Kh7 26. Rf6 Rg8 27. Bh3 Nd6 28. Qh4 Rg6 29. Bxe6 Qd8 30. Bxc8 Qxc8 31. Rxg6 fxg6 32. Qe7+ 1-0

[Event "Schwarzach op 25th"]
[Site "Schwarzach"]
[Date "2010.08.28"]
[Round "8"]
[White "Yildiz, Mustafa"]
[Black "Niemers, Johannes"]
[Result "0-1"]
[WhiteElo "1898"]
[BlackElo "1999"]
[PlyCount "106"]
[EventDate "2010.08.21"]
[EventType "swiss"]
[EventRounds "9"]
[EventCountry "AUT"]
[SourceTitle "CBM 138 Extra"]
[Source "ChessBase"]
[SourceDate "2010.10.29"]
[SourceVersion "1"]
[SourceVersionDate "2010.10.29"]
[SourceQuality "1"]

1. e4 e5 2. Nf3 Nf6 3. Nxe5 d6 4. Nf3 Nxe4 5. d4 d5 6. Bd3 Be7 7. c4 c6 8. 0-0 0-0 9. Nc3 Nf6 10. h3 Re8 11. Re1 Nbd7 12. cxd5 cxd5 13. Bf4 Nf8 14. Rc1 Ne6 15. Be5 a6 16. Qb3 b5 17. Bxf6 Bxf6 18. Qxd5 Rb8 19. Qe4 g6 20. d5 Ng7 21. Qf4 Bb7 22. Rxe8+ Nxe8 23. Be4 Qd6 24. Qd2 Qb6 25. Rd1 Rd8 26. Qe1 Nd6 27. Bb1 Re8 28. Qd2 Nc4 29. Qc2 Rc8 30. Ne4 Nxb2 31. Nxf6+ Qxf6 32. Qd2 Nxd1 33. Qxd1 Qf4 34. Bc2 Bxd5 35. Qxd5 Rxc2 36. g3 Qf6 37. Nd2 Qa1+ 38. Kg2 Rc1 39. Qd8+ Kg7 40. Nf3 Qf6 41. Qd2 Rc4 42. h4 h6 43. Qd3 Rc3 44. Qd5 Qxf3+ 45. Qxf3 Rxf3 46. Kxf3 Kf6 47. Ke4 Ke6 48. g4 f5+ 49. Kf4 fxg4 50. Kxg4 b4 51. f4 a5 52. f5+ gxf5+ 53. Kh5 f4 0-1